|
|
|
|
| LEADER |
00000nam a2200000 a 4500 |
| 001 |
vtls008307281 |
| 003 |
SK-MaSNL |
| 005 |
20260224073148.0 |
| 008 |
051104 000 0 eng |
| 040 |
|
|
|a SNK
|b slo
|c SNK
|e AACR2
|
| 245 |
1 |
|
|a Krátké Naučeňí o Odpustkoch Jubileuma, ...
|
| 260 |
|
|
|a Trnawa
|b Ján Kršt. Gelink
|
| 300 |
|
|
|a 24 s.
|
| 999 |
|
|
|c 906713
|d 908643
|
| 952 |
|
|
|a SNK
|b SNK
|y VYP
|7 0
|p 17A0490350
|o snkSD 41968 D1
|i snkK 698/80
|8 0
|3 Rekatalogizácia
|0 0
|1 0
|4 0
|d 2005-11-04
|l 0
|r 2026-02-24 07:31:49
|w 2026-02-24
|
| 952 |
|
|
|a SNK
|b SNK
|y PREZ
|7 0
|p 17A0941243
|o snkSD 41968
|0 0
|1 0
|4 0
|d 2013-08-15
|l 0
|r 2026-02-24 07:31:49
|w 2026-02-24
|